000 00379cam a2200157ua 4500
003 OSt
005 20260425113508.0
008 260425b |||||||| |||| 00| 0 eng d
041 _aeng
082 _a631.8
_bCRO/MO
100 _aCross, Gwen .
_97951
245 _aMore food for the soil, Part 1 & 2 /
260 _aLondon :
_bLongman ,
_c1964.
300 _a40 ; .
942 _cBK
999 _c9659
_d9659